| 000 | 00806nam a2200253 c 4500 | ||
|---|---|---|---|
| 001 | 190441 | ||
| 003 | ES-MaACL | ||
| 005 | 20250907063139.0 | ||
| 008 | 210330s2016 sp | |||| 000 f spa | ||
| 020 | _a978-84-16541-51-5 | ||
| 080 | _a821.134.2-31"19" | ||
| 100 | 1 |
_aMañas, José Ángel, _d1971- _9171143 |
|
| 245 | 1 | 0 |
_aMensaka / _cJosé Ángel Mañas. |
| 250 | _a1ª ed. | ||
| 260 |
_aBarcelona : _bStella Maris, _c2016. |
||
| 300 |
_a141 p. ; _c22 cm. |
||
| 490 | 1 |
_aStella selección ; _v9 |
|
| 830 | 1 |
_aStella selección ; _v9 _9225883 |
|
| 852 | 4 |
_aES-MaACL _jA-14642 _9197618 _bR.152248 _cDEPO1 _dOlim: N-7642 _hDonación: José Lázaro |
|
| 903 |
_9234219 _aLázaro García, José _ednr |
||
| 942 |
_2udc _cMONOGRAFIA |
||
| 999 |
_c190441 _d190441 |
||